Perspektívy vývoja európskeho bankopoisťovníctva

Uložené v:
Podrobná bibliografia
Hlavný autor: Korauš, Antonín
Médium: Kapitola
Jazyk:Slovak
Tagy: Pridať tag
Žiadne tagy, Buďte prvý, kto otaguje tento záznam!

MARC

LEADER 00000nla$a2200000$$$4500
001 0117994
005 20240502072324.1
041 0 |a slo 
044 |a SK 
245 1 0 |a Perspektívy vývoja európskeho bankopoisťovníctva  |c Anton Korauš 
100 1 |a Korauš, Antonín